Boring Electoral States Quiz Stats

 Plays Quiz Updated Dec 21, 2016

Score 0/28 Timer 06:00
3 Plays Today
% Correct
Texas (R-10)
89.4%
New York (D-8)
80.3%
South Dakota (R-13)
78.2%
Oklahoma (R-13)
76.5%
North Dakota (R-13)
76.4%
Kansas (R-13)
76%
California (D-7)
75.1%
Nebraska (R-13)
75%
Wyoming (R-13)
74.5%
Alabama (R-10)
73.9%
Mississippi (R-10)
73.4%
Idaho (R-12)
69.1%
Massachusetts (D-8)
67.4%
Washington (D-8)
65.5%
% Correct
Utah (R-13)
65.2%
Oregon (D-8)
62.5%
South Carolina (R-10)
53.9%
Minnesota (D-11)
49.6%
Vermont (D-7)
49.5%
Connecticut (D-7)
48.9%
Rhode Island (D-8)
47.4%
Alaska (R-13)
44.8%
Illinois (D-7)
44.2%
New Jersey (D-7)
42.5%
Hawaii (D-8)
42%
Maine (D-7)
39.2%
Maryland (D-7)
34.6%
Delaware (D-7)
25.6%

You're not logged in!

Compare scores with friends on all Sporcle quizzes.
Join for Free
OR
Log In

You Might Also Like...

Show Comments

Extras

Top Quizzes Today


Score Distribution

Your Account Isn't Verified!

In order to create a playlist on Sporcle, you need to verify the email address you used during registration. Go to your Sporcle Settings to finish the process.

Report this User

Report this user for behavior that violates our Community Guidelines.

Details: